[Event "BL2 Sued 1920 (Women)"]
[Site "Germany"]
[Date "2020.02.15"]
[Round "6.3"]
[White "Stangl, Anita"]
[Black "Wilke, Tabea"]
[Result "1-0"]
[WhiteElo "1996"]
[BlackElo "1779"]
[PlyCount "97"]
[EventDate "2019.09.14"]
[EventType "team-tourn"]
[EventRounds "7"]
[EventCountry "GER"]
[SourceTitle "EXT 2021"]
[Source "ChessBase"]
[SourceDate "2020.10.23"]
[SourceVersion "1"]
[SourceVersionDate "2020.10.23"]
[SourceQuality "1"]
[WhiteTeam "Bayern Muenchen (W)"]
[BlackTeam "Gernsheim (W)"]
[WhiteTeamCountry "GER"]
[BlackTeamCountry "GER"]

1. e4 e5 2. Nf3 Nc6 3. Bc4 Bc5 4. b4 Bxb4 5. c3 Be7 6. d4 d6 7. Qb3 Na5 8. Bxf7+ Kf8 9. Qa4 Kxf7 10. Qxa5 b6 11. Qa4 Bd7 12. Qc2 Bf6 13. Bb2 Ne7 14. Nbd2 Rf8 15. Rd1 Ng6 16. Nc4 Qe7 17. Ne3 exd4 18. cxd4 Be6 19. d5 Bc8 20. Bxf6 gxf6 21. Rc1 Bd7 22. 0-0 Rac8 23. Nd4 Nf4 24. Ndf5 Qd8 25. g3 Ng6 26. Qe2 Qe8 27. Rxc7 Qd8 28. Nxd6+ Kg8 29. Rxc8 Bxc8 30. Nxc8 Qxc8 31. Qc4 Qh3 32. Nf5 Kh8 33. Qc3 Ne5 34. f3 Rg8 35. Qe3 Nf7 36. Qf4 Qh5 37. Qh4 Qxh4 38. Nxh4 Ne5 39. Rd1 Rd8 40. Kf2 Nc4 41. Nf5 Kg8 42. Rc1 b5 43. Nd4 a6 44. a4 Na3 45. axb5 axb5 46. Ra1 b4 47. Nc6 Nc2 48. Ra7 Re8 49. Rb7 1-0

[Event "BL2 Sued 1920 (Women)"]
[Site "Germany"]
[Date "2019.09.13"]
[Round "5.3"]
[White "Frank, Tena"]
[Black "Wilke, Tabea"]
[Result "1-0"]
[WhiteElo "1924"]
[BlackElo "1779"]
[PlyCount "77"]
[EventDate "2019.09.14"]
[EventType "team-tourn"]
[EventRounds "7"]
[EventCountry "GER"]
[SourceTitle "EXT 2021"]
[Source "ChessBase"]
[SourceDate "2020.10.23"]
[SourceVersion "1"]
[SourceVersionDate "2020.10.23"]
[SourceQuality "1"]
[WhiteTeam "Freiburg Zaehringen (W)"]
[BlackTeam "Gernsheim (W)"]
[WhiteTeamCountry "GER"]
[BlackTeamCountry "GER"]

1. d4 d5 2. c4 e6 3. Nc3 Nf6 4. cxd5 exd5 5. Bg5 c6 6. Qc2 Be7 7. e3 0-0 8. Bd3 Nbd7 9. Nge2 Re8 10. 0-0 Nf8 11. f3 b6 12. e4 dxe4 13. fxe4 Ng6 14. h3 Bb7 15. Bc4 Rf8 16. Rad1 Qc7 17. a4 a6 18. Kh1 Rac8 19. Bxf6 Bxf6 20. e5 Bg5 21. Ne4 Be7 22. Qb3 Nh8 23. Qg3 Ng6 24. Nf4 c5 25. Nd6 Bxd6 26. Nxg6 hxg6 27. exd6 Qd7 28. Rde1 Rce8 29. Rxe8 Qxe8 30. Re1 Qxa4 31. b3 Qb4 32. d7 Bxg2+ 33. Kxg2 Qd2+ 34. Qf2 Qg5+ 35. Qg3 Qd2+ 36. Re2 Qxd4 37. Qe3 Kh7 38. Qxd4 cxd4 39. Re8 1-0

[Event "Hessen-chB"]
[Site "Frankfurt"]
[Date "2018.05.11"]
[Round "4"]
[White "Wilke, Tabea"]
[Black "Diehl, Stefan"]
[Result "1/2-1/2"]
[WhiteElo "1773"]
[BlackElo "1812"]
[PlyCount "40"]
[EventDate "2018.05.10"]
[EventType "swiss"]
[EventRounds "7"]
[EventCountry "GER"]
[SourceTitle "EXT 2019"]
[Source "ChessBase"]
[SourceDate "2018.10.10"]
[SourceVersion "1"]
[SourceVersionDate "2018.10.10"]
[SourceQuality "1"]

1. e4 d5 2. exd5 Qxd5 3. Nc3 Qa5 4. d4 Nf6 5. Bc4 Bg4 6. f3 Bd7 7. Bd2 Qb6 8. Nge2 e6 9. 0-0 Bb4 10. Kh1 Bxc3 11. Bxc3 Bb5 12. Bb3 0-0 13. Re1 Nbd7 14. Nf4 Rfe8 15. Qd2 Rad8 16. Ba5 Qd6 17. c4 Ba6 18. Bc3 Nc5 19. Re5 Nxb3 20. axb3 Nd7 1/2-1/2

[Event "BL2 Sued 1617 (Women)"]
[Site "Germany"]
[Date "2017.02.12"]
[Round "5.5"]
[White "Wilke, Tabea"]
[Black "Froehlich Dill, Astrid"]
[Result "1/2-1/2"]
[WhiteElo "1753"]
[BlackElo "1813"]
[PlyCount "135"]
[EventDate "2016.10.22"]
[EventType "team-tourn"]
[EventRounds "7"]
[EventCountry "GER"]
[SourceTitle "EXT 2018"]
[Source "ChessBase"]
[SourceDate "2017.10.13"]
[SourceVersion "1"]
[SourceVersionDate "2017.10.13"]
[SourceQuality "1"]
[WhiteTeam "Langen (W)"]
[BlackTeam "Hofheim (W)"]
[WhiteTeamCountry "GER"]
[BlackTeamCountry "GER"]

1. e4 e6 2. d4 b6 3. Nc3 Bb7 4. Bd3 Bb4 5. Nge2 c5 6. dxc5 bxc5 7. 0-0 Ne7 8. Nb5 0-0 9. Bf4 Ba5 10. Nd6 Bc6 11. e5 Ng6 12. Bg3 h5 13. Nf4 Nxf4 14. Bxf4 Qh4 15. Bg3 Qg5 16. f4 Qh6 17. Bh4 Bd8 18. Qe1 Bxh4 19. Qxh4 f5 20. Be2 g6 21. Rad1 Be4 22. c3 Qg7 23. Qf2 Nc6 24. Qxc5 g5 25. Nxe4 fxe4 26. fxg5 Nxe5 27. Qe3 d5 28. Bxh5 Nc4 29. Qh3 Qe7 30. Bg6 Ne5 31. Qh6 Qg7 32. Bh7+ Kh8 33. Qxe6 Kxh7 34. Qxd5 Ng6 35. Qxe4 Rae8 36. Qg4 Kg8 37. Qc4+ Kh7 38. Qg4 a6 39. Rxf8 Rxf8 40. Rd7 Rf7 41. Qh3+ Kg8 42. Qe6 Ne5 43. Rd8+ Kh7 44. Qh3+ Kg6 45. Rd6+ Kxg5 46. Qg3+ Kf5 47. Qf2+ Kg5 48. Qe3+ Kf5 49. Rxa6 Qg4 50. Qf2+ Kg5 51. Qd2+ Kf5 52. Ra5 Qe4 53. Qf2+ Kg6 54. Qg3+ Kf5 55. Qf3+ Qxf3 56. gxf3 Kf4 57. Rxe5 Kxe5 58. Kf2 Kf4 59. Ke2 Rh7 60. Kd3 Rxh2 61. b4 Rxa2 62. Kd4 Rb2 63. Kc5 Kxf3 64. b5 Ke4 65. b6 Rb3 66. c4 Ke5 67. Kc6 Kd4 68. Kc7 1/2-1/2

[Event "BL2 Sued 1617 (Women)"]
[Site "Germany"]
[Date "2016.10.22"]
[Round "1.4"]
[White "Wilke, Tabea"]
[Black "Nobis, Anna"]
[Result "1/2-1/2"]
[WhiteElo "1753"]
[BlackElo "1851"]
[PlyCount "79"]
[EventDate "2016.10.22"]
[EventType "team-tourn"]
[EventRounds "7"]
[EventCountry "GER"]
[SourceTitle "EXT 2018"]
[Source "ChessBase"]
[SourceDate "2017.10.13"]
[SourceVersion "1"]
[SourceVersionDate "2017.10.13"]
[SourceQuality "1"]
[WhiteTeam "Langen (W)"]
[BlackTeam "Niederwiesa (W)"]
[WhiteTeamCountry "GER"]
[BlackTeamCountry "GER"]

1. e4 c5 2. Nc3 Nc6 3. Bb5 d6 4. Bxc6+ bxc6 5. f4 g6 6. Nf3 Bg7 7. 0-0 e6 8. Qe1 Ne7 9. d3 Qb6 10. Kh1 d5 11. e5 0-0 12. Qf2 d4 13. Ne4 Nd5 14. Qh4 f5 15. exf6 Nxf6 16. Nfg5 h6 17. Nxf6+ Rxf6 18. Ne4 Rf7 19. Nd6 Rf8 20. Qg4 Kh7 21. Nxc8 Raxc8 22. Qxe6 Rce8 23. Qg4 Qb4 24. Qd1 c4 25. Bd2 Qxb2 26. Rb1 Qxa2 27. Ra1 Qb2 28. Rxa7 cxd3 29. cxd3 Qb6 30. Ra5 c5 31. Qf3 Re3 32. Bxe3 Qxa5 33. Bc1 Qc3 34. Qd1 Re8 35. h3 c4 36. dxc4 Qxc4 37. Re1 Rxe1+ 38. Qxe1 Qd5 39. Bd2 Bf8 40. Qa1 1/2-1/2

[Event "BL2 Sued 1516 (Women)"]
[Site "Germany"]
[Date "2016.02.27"]
[Round "6.4"]
[White "Wilke, Tabea"]
[Black "Dellert, Lena"]
[Result "0-1"]
[WhiteElo "1759"]
[BlackElo "1867"]
[PlyCount "64"]
[EventDate "2015.09.26"]
[EventType "team-tourn"]
[EventRounds "7"]
[EventCountry "GER"]
[SourceTitle "EXT 2017"]
[Source "ChessBase"]
[SourceDate "2016.10.25"]
[SourceVersion "1"]
[SourceVersionDate "2016.10.25"]
[SourceQuality "1"]
[WhiteTeam "Langen (W)"]
[BlackTeam "Wadgassen/Differten (W)"]
[WhiteTeamCountry "GER"]
[BlackTeamCountry "GER"]

1. e4 e5 2. Nf3 Nc6 3. Bb5 Nge7 4. d3 g6 5. 0-0 Bg7 6. Nc3 0-0 7. a3 d6 8. Ne1 Nd4 9. Bc4 Be6 10. Ba2 Bxa2 11. Rxa2 Ne6 12. Ne2 d5 13. f3 f5 14. exf5 Nxf5 15. c3 Qd6 16. Nc2 Rae8 17. Kh1 c5 18. b4 b6 19. Re1 Qc6 20. Bb2 Ng5 21. Ng1 e4 22. dxe4 dxe4 23. Qd2 exf3 24. c4 Ne4 25. Rxe4 fxg2+ 26. Qxg2 Qxe4 27. Bxg7 Qxg2+ 28. Kxg2 Kxg7 29. Ra1 Ne3+ 30. Nxe3 Rxe3 31. bxc5 bxc5 32. a4 Rc3 0-1

[Event "BL2 Sued 1516 (Women)"]
[Site "Germany"]
[Date "2015.12.05"]
[Round "3.4"]
[White "Horvath, Maria"]
[Black "Wilke, Tabea"]
[Result "1-0"]
[WhiteElo "1967"]
[BlackElo "1759"]
[PlyCount "119"]
[EventDate "2015.09.26"]
[EventType "team-tourn"]
[EventRounds "7"]
[EventCountry "GER"]
[SourceTitle "EXT 2017"]
[Source "ChessBase"]
[SourceDate "2016.10.25"]
[SourceVersion "1"]
[SourceVersionDate "2016.10.25"]
[SourceQuality "1"]
[WhiteTeam "Augsburg (W)"]
[BlackTeam "Langen (W)"]
[WhiteTeamCountry "GER"]
[BlackTeamCountry "GER"]

1. d4 d5 2. c4 e6 3. Nc3 Nf6 4. cxd5 exd5 5. Bg5 c6 6. Qc2 Nbd7 7. e3 Be7 8. Bd3 0-0 9. Nf3 Re8 10. 0-0 Nf8 11. Rab1 Ne4 12. Bxe7 Qxe7 13. b4 Bd7 14. b5 Nxc3 15. Qxc3 Rec8 16. bxc6 Bxc6 17. Qb3 Nd7 18. Bf5 Rc7 19. Bxd7 Qxd7 20. Ne5 Qc8 21. Rfc1 a6 22. Qb6 f6 23. Nd3 Re7 24. Nb4 Qd8 25. Nxc6 bxc6 26. Rxc6 Qxb6 27. Rbxb6 a5 28. g3 a4 29. Rc5 Rd8 30. Rbb5 Ra8 31. Rxd5 Rc8 32. Rdc5 Rxc5 33. Rxc5 Rb7 34. Rc4 Ra7 35. Kg2 Kf7 36. e4 Ke7 37. Kf3 g6 38. Ke3 Kd6 39. f4 a3 40. Rc3 Ra5 41. g4 h5 42. h3 hxg4 43. hxg4 Ra8 44. d5 Rh8 45. Kd4 Rh4 46. e5+ fxe5+ 47. fxe5+ Ke7 48. Rxa3 Rxg4+ 49. Kc5 Re4 50. Ra7+ Kf8 51. Kd6 Rb4 52. Ke6 g5 53. d6 Rb6 54. Rf7+ Ke8 55. Rg7 Kf8 56. Rxg5 Ra6 57. Rg2 Rb6 58. Rf2+ Ke8 59. Rh2 Kf8 60. Rh8+ 1-0

[Event "Wiesbaden op 27th"]
[Site "Wiesbaden"]
[Date "2015.08.30"]
[Round "7"]
[White "Wilke, Tabea"]
[Black "Reitz, Theresa"]
[Result "1-0"]
[WhiteElo "1759"]
[BlackElo "1547"]
[PlyCount "55"]
[EventDate "2015.08.27"]
[EventType "swiss"]
[EventRounds "7"]
[EventCountry "GER"]
[SourceTitle "EXT 2016"]
[Source "ChessBase"]
[SourceDate "2015.10.08"]
[SourceVersion "1"]
[SourceVersionDate "2015.10.08"]
[SourceQuality "1"]

1. e4 c5 2. Nc3 e6 3. f4 Nc6 4. Bb5 Nge7 5. Nf3 g6 6. 0-0 Bg7 7. d3 0-0 8. Bxc6 Nxc6 9. Qe1 d6 10. Qg3 Qc7 11. Bd2 a6 12. a4 Bd7 13. Qh4 Nd4 14. f5 Nxf3+ 15. Rxf3 exf5 16. exf5 Bxf5 17. Nd5 Qd8 18. Ne7+ Kh8 19. Nxf5 gxf5 20. Bg5 f6 21. Rh3 Kg8 22. Qxh7+ Kf7 23. Qxf5 Rh8 24. Re3 Qc8 25. Qd5+ Kg6 26. Bf4 Rd8 27. Rg3+ Kh7 28. Rh3+ 1-0

[Event "Wiesbaden op 27th"]
[Site "Wiesbaden"]
[Date "2015.08.29"]
[Round "4"]
[White "Wilke, Tabea"]
[Black "Stork, Oliver"]
[Result "0-1"]
[WhiteElo "1759"]
[BlackElo "1934"]
[PlyCount "64"]
[EventDate "2015.08.27"]
[EventType "swiss"]
[EventRounds "7"]
[EventCountry "GER"]
[SourceTitle "EXT 2016"]
[Source "ChessBase"]
[SourceDate "2015.10.08"]
[SourceVersion "1"]
[SourceVersionDate "2015.10.08"]
[SourceQuality "1"]

1. e4 c6 2. d4 d5 3. exd5 cxd5 4. Bd3 Nc6 5. c3 Qc7 6. Ne2 Bg4 7. f3 Bh5 8. Bf4 Qd7 9. Na3 e6 10. Nc2 Nf6 11. 0-0 Bg6 12. Ng3 Bd6 13. Bxd6 Qxd6 14. Ne3 0-0 15. Re1 Rab8 16. Ng4 Nxg4 17. fxg4 b5 18. Qd2 b4 19. Nh5 bxc3 20. bxc3 Rb6 21. Re3 Qa3 22. Bxg6 hxg6 23. c4 Qb2 24. Qxb2 Rxb2 25. cxd5 Nxd4 26. dxe6 gxh5 27. exf7+ Rxf7 28. gxh5 Rff2 29. Rd3 Rxg2+ 30. Kh1 Rxh2+ 31. Kg1 Rbg2+ 32. Kf1 Ne2 0-1

[Event "Wiesbaden op 27th"]
[Site "Wiesbaden"]
[Date "2015.08.28"]
[Round "3"]
[White "Wilke, Tabea"]
[Black "Zimmer, Gerald"]
[Result "1-0"]
[WhiteElo "1759"]
[BlackElo "1934"]
[PlyCount "59"]
[EventDate "2015.08.27"]
[EventType "swiss"]
[EventRounds "7"]
[EventCountry "GER"]
[SourceTitle "EXT 2016"]
[Source "ChessBase"]
[SourceDate "2015.10.08"]
[SourceVersion "1"]
[SourceVersionDate "2015.10.08"]
[SourceQuality "1"]

1. e4 e6 2. d4 d5 3. Nd2 Nc6 4. Ngf3 Nf6 5. e5 Ng4 6. c3 Be7 7. Bd3 Bd7 8. Nf1 f6 9. h3 Nh6 10. Bxh6 gxh6 11. Qc2 f5 12. g4 fxg4 13. hxg4 Bg5 14. Bxh7 Qe7 15. Bg6+ Kd8 16. Rh5 Qg7 17. Nxg5 hxg5 18. Rxh8+ Qxh8 19. 0-0-0 Ne7 20. Ng3 Qg7 21. Bd3 Be8 22. Rh1 Bg6 23. Bxg6 Nxg6 24. Nh5 Qh6 25. Qd1 Nh4 26. Nf6 Ke7 27. Qa4 Qg6 28. Qd7+ Kf8 29. Qxc7 Qf7 30. Nh7+ 1-0

[Event "Wiesbaden op 26th"]
[Site "Wiesbaden"]
[Date "2014.08.30"]
[Round "5"]
[White "Diskovskyi, Igor"]
[Black "Wilke, Tabea"]
[Result "1/2-1/2"]
[WhiteElo "1564"]
[BlackElo "1750"]
[PlyCount "56"]
[EventDate "2014.08.28"]
[EventType "swiss"]
[EventRounds "7"]
[EventCountry "GER"]
[SourceTitle "CBM 162 Extra"]
[Source "ChessBase"]
[SourceDate "2014.10.17"]
[SourceVersion "1"]
[SourceVersionDate "2014.10.17"]
[SourceQuality "1"]

1. e4 c5 2. Bc4 Nc6 3. Nf3 e5 4. Nc3 Be7 5. 0-0 d6 6. h3 Be6 7. Nd5 Qd7 8. d3 h6 9. c3 g5 10. Nh2 Nf6 11. Nxf6+ Bxf6 12. Bxe6 Qxe6 13. b4 0-0-0 14. b5 Ne7 15. Be3 h5 16. Qb3 Qxb3 17. axb3 Kb8 18. g3 Rhg8 19. Ra2 b6 20. Rfa1 Nc8 21. c4 Rd7 22. Nf1 Bd8 23. Nd2 f6 24. Nb1 h4 25. g4 Rgg7 26. Nc3 Rgf7 27. Nd5 Rg7 28. Bd2 Rgf7 1/2-1/2

[Event "Rhein Main op-A 17th"]
[Site "Bad Homburg"]
[Date "2014.06.18"]
[Round "1"]
[White "Kuhn, Gerhard"]
[Black "Wilke, Tabea"]
[Result "1/2-1/2"]
[WhiteElo "2023"]
[BlackElo "1729"]
[PlyCount "68"]
[EventDate "2014.06.18"]
[EventType "swiss"]
[EventRounds "7"]
[EventCountry "GER"]
[SourceTitle "CBM 161 Extra"]
[Source "ChessBase"]
[SourceDate "2014.08.29"]
[SourceVersion "1"]
[SourceVersionDate "2014.08.29"]
[SourceQuality "1"]

1. e4 c5 2. c3 d5 3. exd5 Qxd5 4. d4 Nc6 5. Nf3 Bg4 6. Be2 cxd4 7. cxd4 e6 8. Nc3 Qd8 9. 0-0 Nf6 10. Qa4 Be7 11. h3 Bh5 12. g4 Bg6 13. Ne5 Qxd4 14. Nxc6 Qxa4 15. Nxa4 bxc6 16. Bd2 0-0 17. Rfc1 Be4 18. Nc3 Bd5 19. Nxd5 cxd5 20. Be3 a5 21. Rc2 Rfc8 22. Rac1 Rxc2 23. Rxc2 h6 24. Bd4 Ne8 25. b3 a4 26. bxa4 Rxa4 27. Bb5 Rxd4 28. Bxe8 Rd1+ 29. Kg2 d4 30. Ba4 Bf8 31. Rc8 Rd2 32. Rc2 Rd1 33. Rc8 Ra1 34. Bb3 Rb1 1/2-1/2

[Event "Wiesbaden op 25th"]
[Site "Wiesbaden"]
[Date "2013.08.25"]
[Round "6"]
[White "Wilke, Joerg"]
[Black "Wilke, Tabea"]
[Result "1-0"]
[WhiteElo "1914"]
[BlackElo "1748"]
[PlyCount "51"]
[EventDate "2013.08.22"]
[EventType "swiss"]
[EventRounds "7"]
[EventCountry "GER"]
[SourceTitle "CBM 156 Extra"]
[Source "ChessBase"]
[SourceDate "2013.10.22"]
[SourceVersion "1"]
[SourceVersionDate "2013.10.22"]
[SourceQuality "1"]

1. d4 d5 2. c4 e6 3. Nc3 Nf6 4. Bg5 Nbd7 5. e3 c6 6. c5 b6 7. b4 a5 8. a3 Be7 9. Bd3 e5 10. Nge2 e4 11. Bc2 0-0 12. 0-0 Ng4 13. Bf4 Bg5 14. h3 Bxf4 15. Nxf4 Nh6 16. Bb3 b5 17. Nfxd5 cxd5 18. Bxd5 axb4 19. Bxa8 bxc3 20. Bxe4 Nf6 21. Bc6 Ba6 22. Qb3 Qb8 23. Rfb1 b4 24. axb4 Bd3 25. Rc1 c2 26. Qxd3 1-0

[Event "Wiesbaden op 25th"]
[Site "Wiesbaden"]
[Date "2013.08.23"]
[Round "3"]
[White "Wilke, Tabea"]
[Black "Weiland, Thomas"]
[Result "1-0"]
[WhiteElo "1749"]
[BlackElo "1997"]
[PlyCount "97"]
[EventDate "2013.08.22"]
[EventType "swiss"]
[EventRounds "7"]
[EventCountry "GER"]
[SourceTitle "EXT 2014"]
[Source "ChessBase"]
[SourceDate "2013.11.20"]
[SourceVersion "1"]
[SourceVersionDate "2013.11.20"]
[SourceQuality "1"]

1. e4 d5 2. exd5 Nf6 3. Bb5+ Bd7 4. Bc4 Bg4 5. f3 Bf5 6. Nc3 Nbd7 7. g4 Bg6 8. g5 Ng8 9. d4 a6 10. Qe2 h6 11. gxh6 Nxh6 12. Bf4 Nb6 13. Bb3 Nf5 14. 0-0-0 Rh4 15. Qd2 Qd7 16. Nge2 0-0-0 17. Bg3 Rh8 18. Nf4 Bh7 19. Ne4 Nd6 20. Rhe1 Bf5 21. Nd3 Nxe4 22. fxe4 Bg4 23. Ne5 Qb5 24. Nxg4 a5 25. Qf4 Na8 26. Rd3 f6 27. Rc3 Rd6 28. e5 g5 29. Qf5+ Rd7 30. e6 Rd8 31. Nxf6 a4 32. Qe5 Rd6 33. Rc5 Qb4 34. Ne8 axb3 35. Nxd6+ exd6 36. Qxh8 Kb8 37. Qxf8+ Ka7 38. Rc3 bxa2 39. Ra3+ Qxa3 40. bxa3 a1Q+ 41. Kd2 Qxd4+ 42. Ke2 Qxd5 43. Kf1 Nb6 44. e7 Nc4 45. e8Q g4 46. Qa8+ Kb6 47. Rb1+ Kc5 48. Bf2+ Kc6 49. Qfe8# 1-0

[Event "Gernsheim U20 op 11th"]
[Site "Gernsheim"]
[Date "2013.05.20"]
[Round "7"]
[White "Mikeler, Marcel"]
[Black "Wilke, Tabea"]
[Result "1/2-1/2"]
[WhiteElo "1729"]
[BlackElo "1749"]
[PlyCount "137"]
[EventDate "2013.05.18"]
[EventType "swiss"]
[EventRounds "7"]
[EventCountry "GER"]
[SourceTitle "EXT 2015"]
[Source "ChessBase"]
[SourceDate "2014.11.20"]
[SourceVersion "1"]
[SourceVersionDate "2014.11.20"]
[SourceQuality "1"]

1. d4 d5 2. c4 e6 3. Nc3 Nf6 4. cxd5 exd5 5. Bg5 Be7 6. e3 Be6 7. Bd3 Nbd7 8. Qc2 Nf8 9. Nf3 Ng6 10. 0-0 0-0 11. a3 Re8 12. b4 a6 13. Rfd1 c6 14. Rac1 Rc8 15. Qb2 Bg4 16. Be2 Ne4 17. Bxe7 Rxe7 18. a4 Nxc3 19. Rxc3 b5 20. Rdc1 Rec7 21. Qc2 Qd6 22. axb5 axb5 23. Qb2 Rb8 24. Ra1 Bd7 25. Rca3 Rcc8 26. Ne1 Qf8 27. Ra7 Be6 28. Qa3 h6 29. Nd3 Qe8 30. Nc5 Nf8 31. Nb7 Rc7 32. Nc5 Rcc8 33. h3 Nd7 34. Nxd7 Bxd7 35. Bf3 g6 36. Kh2 Bf5 37. Qc3 Ra8 38. Qc5 Rxa7 39. Qxa7 Qd8 40. g3 Qd6 41. Qc5 Qxc5 42. dxc5 Kf8 43. Ra7 Ke8 44. Be2 Bd7 45. g4 f6 46. Kg3 Kd8 47. f4 Rc7 48. Ra8+ Rc8 49. Ra3 Ke7 50. h4 f5 51. Ra7 Rd8 52. h5 gxh5 53. gxf5 Kf6 54. Bxh5 Rg8+ 55. Kf3 Bxf5 56. Rc7 Be4+ 57. Ke2 d4 58. exd4 Rg2+ 59. Ke3 Bd5 60. Rh7 Rg3+ 61. Kd2 Kf5 62. Rxh6 Kxf4 63. Be8 Rg2+ 64. Ke1 Ke3 65. Kd1 Kd3 66. Kc1 Kc3 67. Kd1 Kd3 68. Kc1 Kc3 69. Kd1 1/2-1/2